Sociálny dialóg v pozícii mŕtveho chrobáka?

Bibliographic Details
Main Author: Saktor, Ivan, 1954-2021 (Author)
Format: Article
Language:Slovak
PhysicalDescription:Fotogr. 1
Subjects:

MARC

LEADER 00000nab a2200000 a 4500
001 vtls000624858
003 SK-MaSNL
005 20260302184302.0
008 160401c1997 xo 0 slo
015 |a SNBRB19rr/mm-uuuuu 
035 |a CL0624997 
040 |a SNKBUCL  |b slo  |c SNKBUCL  |e AACR2 
041 0 |a slo 
044 |a xo  |c SK 
080 |a 331.881(437.6):331.882(437.6):328.1(437.6)  |2 1981 
080 |a 331.882(437.6)  |2 1981 
080 |a 328.1(437.6)  |2 1981 
100 1 |a Saktor, Ivan,  |d 1954-2021  |4 aut  |9 209061 
245 1 0 |a Sociálny dialóg v pozícii mŕtveho chrobáka?  |c Ivan Saktor 
300 |b Fotogr. 1 
650 0 7 |a odbory  |2 snkbucl  |9 2328 
650 0 7 |a zamestnávatelia  |2 snkbucl  |9 13672 
650 0 7 |a vláda Slovenskej republiky  |2 snkbucl  |9 898250 
650 0 7 |a dohoda generálna  |2 snkbucl  |9 899203 
655 7 |a články z novín a časopisov  |2 snkbucl  |9 267496 
773 0 |t Nové slovo bez rešpektu  |g Roč. 7, č. 17 (1997), s. 7 
850 |a Slovenská národná knižnica v Martine  |a MTA001 
852 |a SNK  |b KIS3GCP 
958 |a SK 
958 |a RK 
958 |a RBX 
999 |c 1424913  |d 1426843